| 000 | 01086nam a22002897a 4500 | ||
|---|---|---|---|
| 999 |
_c925 _d925 |
||
| 003 | AR-CdUCM | ||
| 008 | 190225b ||||| |||| 00| 0 esp d | ||
| 040 |
_aMUNICIPALIDAD PROVINCIAL DEL CUSCO _cBIBLIOTECA MUNICIPAL DEL CUSCO |
||
| 082 |
_a985.004 / _bM42 |
||
| 110 |
_aPerú. _93560 |
||
| 245 |
_aSeis temas peruanos : _bconferencias pronunciadas en la Embajada del Perú en España / _cintroducción de Manuel Cisneros. |
||
| 260 |
_aMadrid : _bEspasa-Calpe, _cEspasa-Calpe, |
||
| 300 |
_a147 paginas ; _c18 cm. |
||
| 505 | _aEvocación del Cuzco y Macchu Pichu -- El Cuzco, la ciudad dos veces imperial -- Vida y andanzas de don Pablo de Olavide... | ||
| 650 |
_aLa conquista. _93561 |
||
| 650 |
_aEvocacion. _93562 |
||
| 650 |
_aImperial. _9775 |
||
| 700 |
_aCisneros Sánchez, Manuel _93079 |
||
| 700 |
_aMacho, Victorio _93563 |
||
| 700 |
_aMenéndez Pidal, Ramón _93564 |
||
| 700 |
_aDe Lozoy,a Marques _93565 |
||
| 700 |
_aMontes, Eugenio _93566 |
||
| 700 |
_aMarañon, Gregorio _93567 |
||
| 700 |
_aMontes, Eugenio _93566 |
||
| 942 |
_2ddc _cLIBROS |
||
| 945 |
_aacrt _d2019 |
||